000 00767nam a2200265Ia 4500
003 OSt
005 20220925220924.0
006 a|||||r|||| 00| 0
007 ta
008 220923b |||||||| |||| 00| 0 eng d
020 _a0 33 3072 8
037 _cGeneral Book
040 _aRTL
_cRTL
_beng
041 _2eng
_aeng
082 _aX:57.3.N7, M1/TD
100 _aGould Bryan
_9127163
245 0 _aMonetarism or prosperity ?
260 _aLondon
_bMacmillan Press Ltd.
_c2007
300 _ax,222p.
_ccm.
500 _aNotes and Refrences: P213-222
700 _a Mills John
_9154124
700 _a Stewart Shaun
_9285549
942 _hX:57.3.N7, M1/TD
_cGB
_2CC
999 _c572851
_d572851